| 000 | 01897nka a2200373 i 4500 | ||
|---|---|---|---|
| 001 | 102942 | ||
| 003 | ES-MaACL | ||
| 005 | 20250822063150.0 | ||
| 007 | t| | ||
| 008 | 051221e1797 sp f | |r||1c|spa d | ||
| 080 | _a255.6-158 | ||
| 100 | 1 |
_aLe Villain, Gérard René, _d1740-1836 _eetr _970939 |
|
| 245 | 1 | 1 |
_a[Marte] _h[Material gráfico] / _cDn Diego Velazquez Pinx ; Francisco Alcantara Del ; G.R. Le Villain Sculp 1797 |
| 260 |
_a[Madrid] : _bSe hallará en la Calcografía de la Imprenta Real, _c1797 |
||
| 300 |
_a1 estampa : _bgrabado calcográfico ; _c560 x 400 mm |
||
| 490 | 1 |
_aColección facticia de grabados ; _v18 _9184692 |
|
| 500 | _aInscripción: "Retrato de Marte pintado por Dn Diego Velazquez de Silva, cuyo Original se halla en el Real Palacio de Madrid, tiene de latitud tres pies y medio, y seis y medio de longitud" | ||
| 500 | _aEstampa que reproduce, en sentido inverso, el lienzo de Velázquez que se conservaba en el Palacio Real de Madrid, hoy en el Museo del Prado | ||
| 530 | _aDisponible en formato digital | ||
| 650 | 7 |
_aMarte (Divinidad romana) _2embne _9241814 |
|
| 655 | 7 |
_aGrabados calcográficos _2tgfbne _9241761 |
|
| 655 | 7 |
_aGrabados _2tgfbne _9226846 |
|
| 655 | 4 |
_aReproducciones de obras de arte _9241931 |
|
| 700 | 1 |
_aVelázquez, Diego, _d1599-1660 _eart _9113793 |
|
| 700 | 1 |
_aAlcántara, Francisco, _d1764- _edrm _919492 |
|
| 710 | 2 |
_aCalcografía de la Imprenta Real _eedt _9241806 |
|
| 830 | 0 |
_aColección facticia de grabados ; _v18 _9184692 |
|
| 852 | 4 |
_aES-MaACL _cDEPO2 _jGF-2(18) |
|
| 856 | 4 |
_uhttps://www.museodelprado.es/coleccion/obra-de-arte/marte/bde37b22-1ae0-4dc4-916b-cd8ce08e8ebf _yVersión en línea _z(Museo del Prado) |
|
| 856 | 4 |
_uhttps://ceres.mcu.es/pages/Main _yVersión en línea _z(CER.es (Colecciones en Red)) |
|
| 942 |
_2udc _cDIBGRB _n0 |
||
| 999 |
_c102942 _d102942 |
||